| 000 | 00956nam a2200313 a 4500 | ||
|---|---|---|---|
| 001 | vtls001440078 | ||
| 003 | NLI | ||
| 005 | 20210627122016.0 | ||
| 008 | 121130m1994uuuuii 000 0 eng | ||
| 039 | 9 |
_y201211301652 _zVLOAD |
|
| 040 |
_aNLI _beng _cDatasoft_GENG _eAACR2 |
||
| 041 | 0 | _aeng | |
| 044 | _aii | ||
| 082 | 0 | 4 | _a015.54031 |
| 245 | 0 | 0 |
_aDescriptive catalogue of manuscripts : _b in the Government manuscripts library |
| 260 |
_aPoona : _b Bhandarkar Oriental Research Institute, _c1994- |
||
| 300 |
_a-v. ; _c24 cm. |
||
| 500 | _aSerial number 34 | ||
| 500 | _aLibrary has Vol.4, Part-II | ||
| 505 | 0 | _aVol.4, part-II Kalpasutras / B. Grhya ..[et al.] | |
| 650 | 0 |
_aManuscripts _9685861 |
|
| 650 | 0 |
_aManuscripts _v Catalogues _9999287 |
|
| 887 | _a | ||
| 901 |
_aDB65822 _b22.08.1994 |
||
| 902 | _aE 015.54031 D 455 d | ||
| 904 | _l1560 | ||
| 949 |
_AVIRTUAITEM _D10000 _X100 _6DBA000065822ENG |
||
| 942 |
_2ddc _cBKS |
||
| 999 |
_aVIRTUA40 _c891706 _d891706 |
||